[Event "Rheinland Pfalz op 13th"]
[Site "Engers"]
[Date "2023.06.08"]
[Round "2"]
[White "Kunz, Thorsten"]
[Black "Peng, Li Min"]
[Result "0-1"]
[WhiteElo "1920"]
[BlackElo "2530"]
[PlyCount "78"]
[EventDate "2023.06.08"]
[EventType "swiss"]
[EventRounds "7"]
[EventCountry "GER"]
[SourceTitle "CBM 214 Extra"]
[Source "ChessBase"]
[SourceDate "2023.07.31"]
[SourceVersion "1"]
[SourceVersionDate "2023.07.31"]
[SourceQuality "1"]

1. e4 c5 2. Nf3 e6 3. d4 cxd4 4. Nxd4 a6 5. Bc4 b5 6. Bb3 Bb7 7. Qe2 Qh4 8. Nd2 f5 9. N4f3 Qh5 10. exf5 Qxf5 11. Nd4 Qf6 12. N2f3 Bc5 13. Bxe6 Ne7 14. Bg4 Bxd4 15. Bg5 Bxf3 16. Bxf3 Qxg5 17. Bxa8 Bxb2 18. Rd1 Bc3+ 19. Kf1 0-0 20. Bf3 Nbc6 21. Rxd7 Ne5 22. Rc7 b4 23. h4 Qf6 24. Rh3 N7g6 25. Rg3 Qxh4 26. Rh3 Qf4 27. Bd5+ Kh8 28. g3 Qc1+ 29. Kg2 Qg5 30. Kh1 Ng4 31. Bf3 N6e5 32. Bxg4 Nxg4 33. f4 Qd5+ 34. Kg1 Bd4+ 35. Kf1 Ne3+ 36. Kg1 Qe6 37. Qh5 Ng4+ 38. Kf1 Nf6 39. Qg6 Qxh3+ 0-1

[Event "Rheinland Pfalz op 11th"]
[Site "Weilerbach"]
[Date "2019.06.20"]
[Round "2"]
[White "Pelt, Alexander"]
[Black "Kunz, Thorsten"]
[Result "0-1"]
[WhiteElo "2027"]
[BlackElo "1843"]
[PlyCount "106"]
[EventDate "2019.06.20"]
[EventType "swiss"]
[EventRounds "7"]
[EventCountry "GER"]
[SourceTitle "CBM 191 Extra"]
[Source "ChessBase"]
[SourceDate "2019.09.30"]
[SourceVersion "1"]
[SourceVersionDate "2019.09.30"]
[SourceQuality "1"]

1. d4 d5 2. Nf3 Nf6 3. e3 g6 4. c4 c6 5. Nc3 Bg7 6. Ne5 Nbd7 7. f4 0-0 8. Bd3 dxc4 9. Nxc4 Nb6 10. Ne5 Nbd5 11. 0-0 Nd7 12. e4 Nxe5 13. fxe5 Nb4 14. Bc4 c5 15. dxc5 Qxd1 16. Rxd1 Bxe5 17. Bh6 Bg7 18. Bxg7 Kxg7 19. h3 Nc2 20. Rac1 Ne3 21. Be2 Nxd1 22. Rxd1 Be6 23. Nd5 Rfd8 24. a3 Rac8 25. b4 f5 26. Re1 fxe4 27. Nf4 Bf7 28. Bg4 Rc7 29. Rxe4 h5 30. Be6 g5 31. Bxf7 gxf4 32. Bxh5 Rf8 33. Bg4 Rf6 34. Kf2 Ra6 35. Rxf4 Rxa3 36. Be6 Ra6 37. Re4 Kf6 38. Bc4 Ra3 39. Rd4 Rc3 40. Bd3 a5 41. bxa5 R3xc5 42. a6 bxa6 43. Bxa6 Rf5+ 44. Ke3 Rc3+ 45. Bd3 Ra5 46. Kd2 Rca3 47. Rf4+ Ke5 48. Rf5+ Ke6 49. Rxa5 Rxa5 50. Be4 Ke5 51. Bb7 Kf4 52. Bf3 e5 53. Bd1 Ra2+ 0-1

[Event "Pfalz op-B 10th"]
[Site "Neustadt an der Weinstrasse"]
[Date "2019.03.02"]
[Round "3"]
[White "Kunz, Thorsten"]
[Black "Kirchner, Stefan2222"]
[Result "1/2-1/2"]
[WhiteElo "1880"]
[BlackElo "1543"]
[PlyCount "141"]
[EventDate "2019.03.01"]
[EventType "swiss"]
[EventRounds "7"]
[EventCountry "GER"]
[SourceTitle "CBM 189 Extra"]
[Source "ChessBase"]
[SourceDate "2019.06.03"]
[SourceVersion "1"]
[SourceVersionDate "2019.06.03"]
[SourceQuality "1"]

1. c4 f5 2. g3 g6 3. Bg2 Nf6 4. Nc3 Bg7 5. Nf3 d6 6. 0-0 0-0 7. d3 e5 8. Bd2 Qe8 9. Qb3 c6 10. Qa3 Qe7 11. Rab1 Na6 12. b4 Nc7 13. b5 c5 14. Qb3 h6 15. Ne1 Kh7 16. Nc2 Ne6 17. e3 Rb8 18. a4 Ng5 19. f4 Nf7 20. Rbe1 e4 21. d4 b6 22. d5 Kh8 23. Ra1 Nh7 24. a5 g5 25. Ra2 h5 26. Ne2 g4 27. Bc3 Nf6 28. Qb2 Ne8 29. Qa1 Bxc3 30. Qxc3+ Qf6 31. axb6 Qxc3 32. Nxc3 axb6 33. Rfa1 Nf6 34. Ra7 Bb7 35. Kf2 Kg7 36. h3 Kg6 37. Na4 Nd7 38. hxg4 hxg4 39. Rh1 Nd8 40. Nc3 Ra8 41. Rxa8 Bxa8 42. Rh4 Nf6 43. Na4 Nd7 44. Na3 Nf7 45. Rh1 Bb7 46. Nb1 Ra8 47. Nac3 Nf6 48. Bf1 Nh6 49. Be2 Nhg8 50. Bd1 Nd7 51. Bc2 Ngf6 52. Na4 Kg7 53. Nac3 Re8 54. Nd2 Ra8 55. Nb3 Ra3 56. Ra1 Rxa1 57. Nxa1 Kf7 58. Bb3 Ke7 59. Nc2 Kd8 60. Ne1 Ne8 61. Ng2 Nf8 62. Bc2 Nf6 63. Nh4 Bc8 64. Na4 Kc7 65. Nc3 Kd8 66. Bd1 Kc7 67. Ng2 Bd7 68. Ne1 Be8 69. Nc2 Bg6 70. Ke1 N8d7 71. Kf2 1/2-1/2

[Event "Pfalz-ch HT2 87th"]
[Site "Landau"]
[Date "2018.03.25"]
[Round "3"]
[White "Kunz, Thorsten"]
[Black "Ledig, Horst"]
[Result "1/2-1/2"]
[WhiteElo "1827"]
[BlackElo "1795"]
[PlyCount "83"]
[EventDate "2018.03.23"]
[EventType "swiss"]
[EventRounds "7"]
[EventCountry "GER"]
[SourceTitle "EXT 2019"]
[Source "ChessBase"]
[SourceDate "2018.10.10"]
[SourceVersion "1"]
[SourceVersionDate "2018.10.10"]
[SourceQuality "1"]

1. c4 e6 2. g3 d5 3. cxd5 exd5 4. Bg2 c6 5. Nf3 Nf6 6. 0-0 Bf5 7. d4 Be7 8. Nc3 0-0 9. a3 Nbd7 10. Bf4 Re8 11. Re1 Nf8 12. Qb3 Qb6 13. Qxb6 axb6 14. h3 Ne6 15. Be3 b5 16. g4 Bg6 17. Ne5 b4 18. axb4 Bxb4 19. Nxg6 hxg6 20. Red1 Bd6 21. Kf1 Nd7 22. Rdc1 f5 23. gxf5 gxf5 24. f3 Nf4 25. Rxa8 Rxa8 26. Bd2 Nf6 27. Rb1 N6h5 28. e3 Ng3+ 29. Kg1 Nd3 30. f4 Ne4 31. Nxe4 fxe4 32. Bf1 Nb4 33. Be2 Ra2 34. Bd1 Nd3 35. Bc3 Bb4 36. Bb3 Bxc3 37. bxc3 Rb2 38. Rxb2 Nxb2 39. Kf1 Nd3 40. Bc2 Nb2 41. Ke2 Nc4 42. Bb3 1/2-1/2

[Event "Pfalz-ch HT2 87th"]
[Site "Landau"]
[Date "2018.03.25"]
[Round "4"]
[White "Steiner, Peter Markus"]
[Black "Kunz, Thorsten"]
[Result "1/2-1/2"]
[WhiteElo "1504"]
[BlackElo "1827"]
[PlyCount "74"]
[EventDate "2018.03.23"]
[EventType "swiss"]
[EventRounds "7"]
[EventCountry "GER"]
[SourceTitle "EXT 2019"]
[Source "ChessBase"]
[SourceDate "2018.10.10"]
[SourceVersion "1"]
[SourceVersionDate "2018.10.10"]
[SourceQuality "1"]

1. b4 d5 2. Bb2 Nd7 3. Nf3 Ngf6 4. e3 e6 5. b5 Bd6 6. d4 0-0 7. Be2 c5 8. 0-0 c4 9. Nc3 b6 10. a4 Bb7 11. Qc1 Rc8 12. Ba3 Qe7 13. Bxd6 Qxd6 14. Qa3 Qxa3 15. Rxa3 Rfe8 16. a5 Rb8 17. Rfa1 Bc8 18. axb6 axb6 19. h3 Bb7 20. Ra7 Red8 21. Nd2 e5 22. dxe5 Nxe5 23. f4 Ned7 24. Nf3 Re8 25. Kf2 h6 26. Nd4 Nc5 27. Bf3 Nfe4+ 28. Nxe4 Nxe4+ 29. Bxe4 Rxe4 30. Nc6 Bxc6 31. bxc6 Rc8 32. Rd7 Rxc6 33. Ra8+ Kh7 34. Rxd5 Re7 35. Rdd8 Kg6 36. g4 f5 37. Rd5 fxg4 1/2-1/2

[Event "Pfalz-ch HT5 86th"]
[Site "Wolfstein"]
[Date "2017.04.09"]
[Round "4"]
[White "Kunz, Thorsten"]
[Black "Schliedermann, Mario"]
[Result "0-1"]
[WhiteElo "1851"]
[BlackElo "1969"]
[PlyCount "144"]
[EventDate "2017.04.07"]
[EventType "swiss"]
[EventRounds "7"]
[EventCountry "GER"]
[SourceTitle "EXT 2018"]
[Source "ChessBase"]
[SourceDate "2017.10.13"]
[SourceVersion "1"]
[SourceVersionDate "2017.10.13"]
[SourceQuality "1"]

1. c4 c6 2. Nf3 d5 3. cxd5 cxd5 4. g3 Nc6 5. Bg2 e5 6. d3 Nf6 7. 0-0 Bc5 8. Nc3 h6 9. a3 a5 10. Bd2 0-0 11. Qc1 Bg4 12. h3 Bxf3 13. Bxf3 Nd4 14. Bg2 Nb3 15. Qc2 Nxa1 16. Rxa1 Rc8 17. Qb3 Qb6 18. Qxb6 Bxb6 19. Nxd5 Nxd5 20. Bxd5 Rc2 21. Rd1 Rxb2 22. Kf1 Rc8 23. Bc4 Rc2 24. Bb3 R2c6 25. Bd5 Rf6 26. f3 Rc7 27. g4 g5 28. Be1 Be3 29. Bc4 b6 30. Kg2 Rd6 31. Rb1 Kg7 32. Rb5 f6 33. Bf2 Bxf2 34. Kxf2 Kf8 35. Ke3 h5 36. Rb3 hxg4 37. hxg4 Rh7 38. Bb5 Rc7 39. Bc4 Ke8 40. Rb1 Rh7 41. Bb5+ Kd8 42. Rc1 Rd5 43. Bc4 Rc5 44. Rb1 Kc7 45. a4 Rh2 46. Rb2 Rh1 47. Ra2 Rb1 48. Kd2 Kd6 49. Kc2 Rb4 50. Kc3 Rc8 51. Ra1 Rh8 52. Ra2 Rh1 53. Kd2 Rbb1 54. Rc2 Rhd1+ 55. Ke3 Rdc1 56. Rd2 Kc5 57. Ke4 Kd6 58. Kf5 Ke7 59. Bb5 Rb4 60. Kg6 Rc5 61. Rd1 Rcxb5 62. axb5 Rxb5 63. Rh1 a4 64. Rh7+ Ke6 65. Rf7 a3 66. Rxf6+ Kd5 67. e4+ Kd4 68. Rc6 a2 69. Rc4+ Ke3 70. Ra4 Ra5 71. Rxa2 Rxa2 72. Kxg5 b5 0-1

[Event "Hessen-ch op-B"]
[Site "Floersheim"]
[Date "2016.05.07"]
[Round "6"]
[White "Kunz, Thorsten"]
[Black "Lehmann, Tornalf"]
[Result "1-0"]
[WhiteElo "1908"]
[BlackElo "1671"]
[PlyCount "93"]
[EventDate "2016.05.05"]
[EventType "swiss"]
[EventRounds "7"]
[EventCountry "GER"]
[SourceTitle "EXT 2022"]
[Source "ChessBase"]
[SourceDate "2021.10.06"]
[SourceVersion "1"]
[SourceVersionDate "2021.10.06"]
[SourceQuality "1"]

1. c4 b6 2. Nc3 Bb7 3. Nf3 e6 4. g3 c5 5. Bg2 Nc6 6. 0-0 Be7 7. d3 f5 8. e4 fxe4 9. Nxe4 Nf6 10. Nc3 0-0 11. Bf4 a6 12. Ne5 Na5 13. Bxb7 Nxb7 14. Qe2 Nd6 15. Rad1 Nf5 16. Nf3 Qc8 17. Rfe1 Qb7 18. Ne4 Rad8 19. Neg5 Qc8 20. b3 h6 21. Ne4 Nd4 22. Nxd4 cxd4 23. Be5 Bb4 24. Rf1 Bc5 25. Nxf6+ gxf6 26. Qg4+ Kh7 27. Bxd4 Rg8 28. Qh4 f5 29. Bc3 Rg4 30. Qh5 Rdg8 31. Qf7+ R8g7 32. Bxg7 Rxg7 33. Qf6 Qc7 34. Kh1 Qc6+ 35. f3 Bd6 36. Qh4 Rg5 37. d4 Kg6 38. d5 Qc7 39. g4 Be5 40. Rg1 Bf4 41. Qf2 e5 42. h4 fxg4 43. hxg5 g3 44. Qc2+ Kxg5 45. Kg2 d6 46. Rh1 Qf7 47. Rh3 1-0

[Event "Hessen-ch op-B"]
[Site "Floersheim"]
[Date "2016.05.06"]
[Round "3"]
[White "Reichel, Rolf"]
[Black "Kunz, Thorsten"]
[Result "1/2-1/2"]
[WhiteElo "1765"]
[BlackElo "1908"]
[PlyCount "113"]
[EventDate "2016.05.05"]
[EventType "swiss"]
[EventRounds "7"]
[EventCountry "GER"]
[SourceTitle "EXT 2022"]
[Source "ChessBase"]
[SourceDate "2021.10.06"]
[SourceVersion "1"]
[SourceVersionDate "2021.10.06"]
[SourceQuality "1"]

1. e4 c5 2. Nf3 Nc6 3. d4 cxd4 4. c3 dxc3 5. Nxc3 d6 6. Bb5 Bd7 7. 0-0 a6 8. Ba4 Nf6 9. Bg5 h6 10. Bf4 b5 11. Bc2 Bg4 12. h3 Bxf3 13. Qxf3 Nd4 14. Qd3 Nxc2 15. Qxc2 e5 16. Bg3 Be7 17. Rfd1 Qb6 18. Rac1 0-0 19. Qb3 Rac8 20. Nd5 Nxd5 21. Qxd5 Rc7 22. Kf1 Rfc8 23. Rxc7 Qxc7 24. f3 Qc4+ 25. Qxc4 Rxc4 26. Rd2 f6 27. Bf2 Kf7 28. Ke2 Ke6 29. g4 Bd8 30. Kd3 g6 31. Be3 g5 32. b3 Rc1 33. Rh2 Rc6 34. Rd2 Ba5 35. Rc2 Rxc2 36. Kxc2 Bb4 37. Bb6 Kd7 38. Bf2 Kc6 39. h4 Bc5 40. Be1 Be3 41. Kd3 Bf4 42. h5 Bc1 43. Bb4 Bb2 44. Ba5 Kd7 45. Bb4 Bd4 46. Bd2 Kc6 47. Bb4 Bc5 48. Ba5 Bb6 49. Bb4 a5 50. Bc3 d5 51. exd5+ Kxd5 52. a3 a4 53. bxa4 bxa4 54. Bb4 Bc5 55. Bxc5 Kxc5 56. Kc3 Kd5 57. Kd3 1/2-1/2